[Event "Africa-ch"]
[Site "Maputo MOZ"]
[Date "2011.06.10"]
[Round "6"]
[White "Domingos, Ediberto"]
[Black "Seraoui, Mohcen"]
[Result "0-1"]
[WhiteElo "2201"]
[BlackElo "2099"]
[EventDate "2011.06.04"]
[PlyCount "76"]

1.d4 d6 2.e4 Nf6 3.Bd3 e5 4.c3 d5 5.dxe5 Nxe4 6.Bxe4 dxe4 7.Qa4+ Bd7 8.
Qxe4 Bc6 9.Qg4 Nd7 10.Nf3 Bxf3 11.Qxf3 Nxe5 12.Qe4 Qe7 13.O-O O-O-O 14.Be3
Nd3 15.Qa4 a6 16.b4 Qd7 17.Qxd7+ Rxd7 18.Nd2 Be7 19.a3 Re8 20.Nf3 Bf6 21.
Bd4 Bxd4 22.Nxd4 b6 23.Rab1 c5 24.bxc5 bxc5 25.Nf3 Rb7 26.Rxb7 Kxb7 27.Rd1
Ne5 28.Ng5 Re7 29.Ne4 Kc6 30.Rd6+ Kb5 31.a4+ Kxa4 32.Rxa6+ Kb5 33.Ra8 Nd3 
34.Nd6+ Kc6 35.Ra6+ Kd7 36.g3 Re6 37.Ra7+ Kxd6 38.Rxf7 Re7 0-1

[Event "Africa-ch"]
[Site "Maputo MOZ"]
[Date "2011.06.10"]
[Round "6"]
[White "El-Gindy, Essam"]
[Black "Belouadah, Saad"]
[Result "1-0"]
[WhiteElo "2506"]
[BlackElo "2342"]
[EventDate "2011.06.04"]
[PlyCount "101"]

1.d4 d6 2.e4 Nf6 3.Nc3 e5 4.Nf3 Nbd7 5.Be2 Be7 6.g4 h6 7.Rg1 c6 8.h4 g6 9.
g5 hxg5 10.hxg5 Nh5 11.Be3 Qc7 12.Qd2 Nb6 13.O-O-O Be6 14.d5 Bd7 15.Kb1 
O-O-O 16.a4 Kb8 17.a5 Nc8 18.a6 c5 19.axb7 Qxb7 20.b3 Nb6 21.Kb2 Rc8 22.
Ra1 c4 23.Ra3 Nf4 24.Rga1 Rc7 25.Rxa7 Qxa7 26.Rxa7 Kxa7 27.Bxc4 Ng2 28.
Nb5+ Kb7 29.Nxc7 Nxe3 30.Qxe3 Kxc7 31.Ba6 Rb8 32.Kc1 Kd8 33.Nd2 Ke8 34.Bd3
Kf8 35.c4 Be8 36.Kc2 Nd7 37.Qa7 Bd8 38.Qa3 Bxg5 39.b4 Be7 40.Nb3 Rc8 41.
Kd2 f5 42.Qa6 Rb8 43.b5 fxe4 44.Bxe4 Nf6 45.f3 Nd7 46.Na5 Nc5 47.Qa7 Rd8 
48.b6 Ba4 49.Bc2 e4 50.Bxa4 Nxa4 51.fxe4 1-0

[Event "Africa-ch"]
[Site "Maputo MOZ"]
[Date "2011.06.10"]
[Round "6"]
[White "Haddouche, Mohamed"]
[Black "Solomons, Deon"]
[Result "1-0"]
[WhiteElo "2398"]
[BlackElo "2214"]
[EventDate "2011.06.04"]
[PlyCount "103"]

1.e4 e5 2.Nf3 Nc6 3.Nc3 Be7 4.d4 d6 5.Bb5 exd4 6.Qxd4 Nf6 7.e5 dxe5 8.
Qxd8+ Bxd8 9.Nxe5 Bd7 10.Nxd7 Nxd7 11.Bf4 O-O 12.Bxc6 bxc6 13.O-O-O Nc5 
14.Be3 Ne6 15.Ne2 Be7 16.Rhe1 Rfd8 17.c3 Kf8 18.Nd4 Nxd4 19.Bxd4 Bd6 20.
Be3 a5 21.Rd4 f6 22.Rc4 Ra6 23.Kc2 Kf7 24.h3 Re8 25.Ra4 Rea8 26.Rd1 Ke6 
27.a3 c5 28.Re4+ Kf7 29.Ra4 Ke6 30.Rd3 Rc6 31.Bd2 h6 32.Re3+ Kf7 33.Rd3 
Ke6 34.Be3 f5 35.g4 Rca6 36.gxf5+ Kxf5 37.Rg4 g5 38.Rd5+ Ke6 39.c4 Kf7 40.
h4 gxh4 41.Rf5+ Ke6 42.Rh5 Be7 43.Rxh6+ Kf7 44.Rh7+ Kf8 45.Rgg7 Bf6 46.Rg6
Be7 47.Bh6+ Ke8 48.Rg8+ Kd7 49.Bg5 Re6 50.Rgg7 Re2+ 51.Kd3 Re6 52.Bxh4 1-0

[Event "Africa-ch"]
[Site "Maputo MOZ"]
[Date "2011.06.10"]
[Round "6"]
[White "Jere, Daniel"]
[Black "Amin, Bassem"]
[Result "1-0"]
[WhiteElo "2320"]
[BlackElo "2596"]
[EventDate "2011.06.04"]
[PlyCount "99"]

1.c4 Nf6 2.g3 g6 3.Bg2 Bg7 4.Nc3 O-O 5.d3 e5 6.e4 c6 7.Nge2 a6 8.O-O d6 9.
h3 b5 10.Be3 Be6 11.b3 h5 12.cxb5 axb5 13.d4 b4 14.Na4 exd4 15.Nxd4 Bd7 
16.Nc2 Ne8 17.Nb6 Ra5 18.Nc4 Rb5 19.Nd4 Rb7 20.Rc1 c5 21.Ne2 Ra7 22.e5 
Rxa2 23.exd6 Na6 24.Nf4 Bb5 25.Bd5 Kh7 26.Qd3 Nf6 27.Bg2 Nd7 28.Rfd1 Ne5 
29.Qb1 Nxc4 30.Qxa2 Nxe3 31.fxe3 Re8 32.Qf2 c4 33.Bf1 Nc5 34.Bxc4 Bxc4 35.
Rxc4 Ne4 36.Qg2 Nxd6 37.Rc6 Be5 38.Rcxd6 Bxd6 39.Qd5 Qe7 40.Qxd6 Qxe3+ 41.
Kg2 Qe4+ 42.Kh2 Qc2+ 43.Rd2 Qxb3 44.Nd5 Re6 45.Qf8 Qf3 46.Nf4 Rf6 47.Rd8 
Qf2+ 48.Ng2 g5 49.Qh8+ Kg6 50.g4 1-0

[Event "Africa-ch"]
[Site "Maputo MOZ"]
[Date "2011.06.10"]
[Round "6"]
[White "Makoto, Rodwell"]
[Black "El-Taher, Fouad"]
[Result "1/2-1/2"]
[WhiteElo "2157"]
[BlackElo "2486"]
[EventDate "2011.06.04"]
[PlyCount "52"]

1.d4 Nf6 2.Nf3 g6 3.g3 Bg7 4.Bg2 O-O 5.O-O d6 6.c4 Nc6 7.Nc3 a6 8.b3 Rb8 
9.Nd5 Bg4 10.Bb2 Re8 11.Re1 Qc8 12.Qd2 e6 13.Nxf6+ Bxf6 14.Qf4 Bf5 15.e4 
e5 16.Qd2 Bg4 17.d5 Bxf3 18.Bxf3 Nd4 19.Bg2 c5 20.dxc6 bxc6 21.Bxd4 exd4 
22.c5 dxc5 23.f4 Qd7 24.Bf1 Be7 25.Bc4 d3 26.Qxd3 Qxd3 1/2-1/2

[Event "Africa-ch"]
[Site "Maputo MOZ"]
[Date "2011.06.10"]
[Round "6"]
[White "Moyo, Dion"]
[Black "Roberto Soares, Erikson"]
[Result "1/2-1/2"]
[WhiteElo "2109"]
[BlackElo "2196"]
[EventDate "2011.06.04"]
[PlyCount "76"]

1.e4 e6 2.d3 d5 3.Nd2 c5 4.Ngf3 Nf6 5.g3 b6 6.Qe2 Nc6 7.c3 Ba6 8.exd5 Qxd5
9.Nc4 Rd8 10.a4 Na5 11.Nxa5 bxa5 12.c4 Qb7 13.Bg2 Bd6 14.Bd2 Qb6 15.Bc3 
O-O 16.O-O Bb7 17.Nd2 Bxg2 18.Kxg2 Bc7 19.Ne4 Nxe4 20.dxe4 Rd7 21.Rfd1 
Rxd1 22.Rxd1 Qc6 23.Qc2 Rd8 24.Rxd8+ Bxd8 25.f3 Bc7 26.Qd2 f6 27.Bxa5 Be5 
28.b3 Bd4 29.Bc3 e5 30.Bxd4 exd4 31.Qa5 Qd6 32.Kf2 d3 33.Ke3 Qd4+ 34.Kd2 
Qb2+ 35.Kxd3 Qxb3+ 36.Kd2 Qb2+ 37.Kd1 Qd4+ 38.Qd2 Qxc4 1/2-1/2

[Event "Africa-ch"]
[Site "Maputo MOZ"]
[Date "2011.06.10"]
[Round "6"]
[White "Niazi, Nehad"]
[Black "Ezat, Mohamed"]
[Result "1/2-1/2"]
[WhiteElo "2216"]
[BlackElo "2453"]
[EventDate "2011.06.04"]
[PlyCount "44"]

1.d4 Nf6 2.c4 g6 3.Nc3 Bg7 4.e4 d6 5.Be2 O-O 6.Nf3 e5 7.O-O Nc6 8.d5 Ne7 
9.b4 Nh5 10.Re1 f5 11.Ng5 Nf6 12.Bf3 c6 13.Be3 h6 14.Ne6 Bxe6 15.dxe6 fxe4
16.Nxe4 Nxe4 17.Bxe4 d5 18.cxd5 cxd5 19.Bc5 dxe4 20.Qxd8 Rfxd8 21.Bxe7 Re8
22.Bc5 Rxe6 1/2-1/2

[Event "Africa-ch"]
[Site "Maputo MOZ"]
[Date "2011.06.10"]
[Round "6"]
[White "Paiva, Donaldo"]
[Black "Mucongoma Macone, Miguel"]
[Result "1-0"]
[WhiteElo "2121"]
[BlackElo "2240"]
[EventDate "2011.06.04"]
[PlyCount "96"]

1.d4 Nf6 2.c4 d5 3.Nf3 c6 4.Nc3 dxc4 5.a4 Bf5 6.Ne5 e6 7.f3 Bb4 8.e4 Bg6 
9.Bxc4 Nbd7 10.Nxd7 Nxd7 11.O-O O-O 12.Be3 Qa5 13.Qb3 e5 14.Rfd1 exd4 15.
Bxd4 Bc5 16.Kh1 Bxd4 17.Rxd4 Nc5 18.Qa3 Na6 19.Rd7 Rad8 20.Rad1 Nb4 21.Ne2
c5 22.Nf4 Nc2 23.Qd3 Nd4 24.h4 Qb6 25.Qd2 Qf6 26.Nxg6 hxg6 27.Qg5 Qc6 28.
Qe7 Qf6 29.Qxf6 gxf6 30.Re7 b6 31.Rxa7 Ra8 32.Bxf7+ Kg7 33.Rxa8 Rxa8 34.
Bd5 Rxa4 35.Kg1 f5 36.Kf2 Kf6 37.exf5 Nxf5 38.g3 Rb4 39.Rd2 Nd4 40.Be4 Ra4
41.g4 Ra7 42.g5+ Kg7 43.b4 Ra4 44.bxc5 bxc5 45.Rb2 Ra7 46.Rb6 Ra2+ 47.Kg3 
c4 48.Rxg6+ Kf7 1-0

[Event "Africa-ch"]
[Site "Maputo MOZ"]
[Date "2011.06.10"]
[Round "6"]
[White "Phiri, Richmond"]
[Black "Alice Mateus, Felizardo Viageiro"]
[Result "1-0"]
[WhiteElo "2165"]
[BlackElo "2190"]
[EventDate "2011.06.04"]
[PlyCount "120"]

1.d4 d5 2.c4 c6 3.Nf3 Nf6 4.Nc3 dxc4 5.a4 Bf5 6.e3 e6 7.Bxc4 Bb4 8.O-O O-O
9.Qe2 Nbd7 10.e4 Bg6 11.e5 Nd5 12.Nxd5 cxd5 13.Bd3 Bxd3 14.Qxd3 Be7 15.Bd2
Rc8 16.Rac1 Nb8 17.b4 Qd7 18.b5 Rxc1 19.Rxc1 Rc8 20.Rc3 a6 21.h4 axb5 22.
axb5 Qd8 23.Ng5 Bxg5 24.Bxg5 Qe8 25.Qg3 Rxc3 26.Qxc3 h6 27.Bd2 Qd8 28.Qc5 
Nd7 29.Qd6 Qc8 30.g3 Nf8 31.Bb4 Nh7 32.Bc5 Nf8 33.b6 Nh7 34.Kg2 g6 35.Qc7 
Qa8 36.Be7 Kg7 37.Qd7 Qb8 38.Qc7 Qa8 39.Bd6 Kg8 40.Bc5 Kg7 41.Be7 Kg8 42.
Bf6 Nf8 43.Qc1 Kh7 44.Be7 Kg7 45.Qc7 Nh7 46.Qd7 Nf8 47.Bf6+ Kg8 48.Qc7 Nh7
49.Qc1 Qf8 50.Kg1 Nxf6 51.exf6 Qd8 52.Qf4 h5 53.Kg2 Qf8 54.Qc7 Qa8 55.Kh2 
Qa2 56.Qb8+ Kh7 57.Kg2 g5 58.Qf8 Kg6 59.Qg7+ Kf5 60.Qxg5+ Ke4 1-0

[Event "Africa-ch"]
[Site "Maputo MOZ"]
[Date "2011.06.11"]
[Round "7"]
[White "Adly, Ahmed"]
[Black "Chumfwa, Stanley"]
[Result "1-0"]
[WhiteElo "2630"]
[BlackElo "2340"]
[EventDate "2011.06.04"]
[PlyCount "62"]

1.d4 Nf6 2.Nf3 c5 3.e3 cxd4 4.exd4 d5 5.c3 Bg4 6.Nbd2 Nc6 7.Bd3 e6 8.Nf1 
Bd6 9.Ng3 O-O 10.O-O h6 11.h3 Bxf3 12.Qxf3 e5 13.dxe5 Nxe5 14.Qd1 Nxd3 15.
Qxd3 Bxg3 16.Qxg3 Ne4 17.Qf3 Re8 18.Be3 Qa5 19.Rfd1 Qb5 20.Bd4 Ng5 21.Qf5 
b6 22.b3 Qc6 23.Rd3 Qe6 24.Qf4 Rac8 25.Re3 Qc6 26.Rg3 Re4 27.Qd2 Kf8 28.f3
Qd7 29.Bxg7+ Kxg7 30.Rxg5+ hxg5 31.Qxg5+ Kf8 1-0

[Event "Africa-ch"]
[Site "Maputo MOZ"]
[Date "2011.06.11"]
[Round "7"]
[White "Belouadah, Saad"]
[Black "Makoto, Rodwell"]
[Result "0-1"]
[WhiteElo "2342"]
[BlackElo "2157"]
[EventDate "2011.06.04"]
[PlyCount "124"]

1.d4 Nf6 2.g3 g6 3.c4 Bg7 4.Bg2 d5 5.cxd5 Nxd5 6.e4 Nb6 7.Ne2 O-O 8.O-O c5
9.d5 e6 10.Nec3 exd5 11.exd5 Na6 12.a4 Nc4 13.Qe2 Nd6 14.Na3 Re8 15.Qd1 
Nc7 16.Nab5 Ncxb5 17.axb5 Bd7 18.Be3 Nxb5 19.Ne4 Bd4 20.Qf3 Bf5 21.Nxc5 
Bxe3 22.fxe3 Qe7 23.Rac1 Rac8 24.b4 b6 25.Na6 Qxe3+ 26.Qxe3 Rxe3 27.Rxc8+ 
Bxc8 28.Nb8 Bf5 29.Ra1 Rb3 30.Nc6 Kg7 31.Bf1 Bd3 32.Bg2 Bc4 33.Rd1 Nd6 34.
Ra1 Rb2 35.Bf3 a6 36.Re1 Rd2 37.Ra1 h5 38.Nb8 Rb2 39.Nxa6 Bxa6 40.Rxa6 
Rxb4 41.Ra2 Kf6 42.Re2 b5 43.Kf2 Rc4 44.Rb2 Ke5 45.Be2 Rc5 46.Bf3 Kd4 47.
Ra2 b4 48.Ra6 Rc2+ 49.Ke1 Ke5 50.Rb6 Rb2 51.Kd1 Nc4 52.Rb7 b3 53.Rb4 Rb1+ 
54.Ke2 b2 55.Rxc4 Rc1 56.Re4+ Kd6 57.Rb4 b1=Q 58.Rxb1 Rxb1 59.h4 Ke5 60.g4
hxg4 61.Bxg4 Rh1 62.h5 Rxh5 0-1

[Event "Africa-ch"]
[Site "Maputo MOZ"]
[Date "2011.06.11"]
[Round "7"]
[White "El-Taher, Fouad"]
[Black "Amin, Bassem"]
[Result "0-1"]
[WhiteElo "2486"]
[BlackElo "2596"]
[EventDate "2011.06.04"]
[PlyCount "107"]

1.e4 e5 2.Nf3 Nc6 3.Bb5 a6 4.Ba4 Nf6 5.d3 d6 6.c3 g6 7.O-O Bg7 8.Re1 O-O 
9.Nbd2 Bd7 10.Nf1 Qe8 11.Ng3 Kh8 12.h3 Ng8 13.Bxc6 Bxc6 14.d4 f6 15.Bd2 
Qf7 16.Qb3 Bb5 17.Qxf7 Rxf7 18.Rac1 Bd7 19.Rcd1 Re8 20.Bc1 h6 21.b3 Kh7 
22.Bb2 b6 23.c4 exd4 24.Bxd4 Ne7 25.Nh2 Nc6 26.Bc3 h5 27.Nf3 b5 28.cxb5 
axb5 29.Rc1 Bh6 30.Rc2 Ra8 31.Bd2 Bxd2 32.Nxd2 Be8 33.Ra1 Nd4 34.Rb2 c5 
35.Nf3 Nxf3+ 36.gxf3 Rfa7 37.Ne2 Bf7 38.Nc3 b4 39.Nb5 Rd7 40.Rd1 Ra6 41.
Rbd2 c4 42.bxc4 Bxc4 43.Nxd6 Bxa2 44.f4 Bb3 45.Ne8 Rxd2 46.Rxd2 Ba4 47.Nd6
b3 48.Nc4 Rc6 49.Rd4 Bb5 50.Na3 Be2 51.Rd2 Bf3 52.Rd3 Bxe4 53.Rxb3 Rc1+ 
54.Kh2 0-1

[Event "Africa-ch"]
[Site "Maputo MOZ"]
[Date "2011.06.11"]
[Round "7"]
[White "Roberto Soares, Erikson"]
[Black "Phiri, Richmond"]
[Result "0-1"]
[WhiteElo "2196"]
[BlackElo "2165"]
[EventDate "2011.06.04"]
[PlyCount "68"]

1.Nf3 Nf6 2.g3 b6 3.Bg2 Bb7 4.c4 c5 5.Nc3 e6 6.O-O Be7 7.d4 cxd4 8.Qxd4 
O-O 9.Rd1 d6 10.Bg5 Nbd7 11.Rac1 a6 12.b4 Rc8 13.Nd2 Bxg2 14.Kxg2 h6 15.
Bxf6 Nxf6 16.Na4 b5 17.cxb5 axb5 18.Nc3 Qd7 19.Qd3 Rb8 20.Nf3 Qb7 21.Kg1 
d5 22.Nd4 e5 23.Nf5 d4 24.Nxb5 Bxb4 25.a4 Rfd8 26.Rc7 Qd5 27.Rb1 Bf8 28.
Rbc1 e4 29.Qc4 Qxf5 30.Qxf7+ Kh8 31.R1c5 Qh7 32.R5c6 Qg8 33.Qg6 d3 34.exd3
exd3 0-1

[Event "Africa-ch"]
[Site "Maputo MOZ"]
[Date "2011.06.11"]
[Round "7"]
[White "Ezat, Mohamed"]
[Black "Paiva, Donaldo"]
[Result "1/2-1/2"]
[WhiteElo "2453"]
[BlackElo "2121"]
[EventDate "2011.06.04"]
[PlyCount "41"]

1.d4 Nf6 2.c4 g6 3.Nc3 Bg7 4.e4 d6 5.Be2 O-O 6.Bg5 c5 7.d5 e6 8.Qd2 exd5 
9.exd5 Re8 10.Nf3 Bg4 11.O-O Nbd7 12.h3 Bxf3 13.Bxf3 a6 14.a4 Qc7 15.Rae1 
Qb6 16.Qc2 Rxe1 17.Rxe1 Re8 18.Kf1 Kh8 19.Be2 Ng8 20.Bg4 f5 21.Bf3 1/2-1/2

[Event "Africa-ch"]
[Site "Maputo MOZ"]
[Date "2011.06.11"]
[Round "7"]
[White "Haddouche, Mohamed"]
[Black "El-Gindy, Essam"]
[Result "1/2-1/2"]
[WhiteElo "2398"]
[BlackElo "2506"]
[EventDate "2011.06.04"]
[PlyCount "51"]

1.Nf3 Nf6 2.g3 d5 3.Bg2 Bf5 4.d3 e6 5.O-O Be7 6.Nfd2 h6 7.e4 Bh7 8.Qe2 O-O
9.Nc3 Nc6 10.Nb3 a5 11.a4 Nb4 12.Bf4 c6 13.g4 Nd7 14.Bg3 Nc5 15.Nxc5 Bxc5 
16.Kh1 dxe4 17.dxe4 Qb6 18.Nb1 f5 19.c3 Na6 20.Be5 fxe4 21.Na3 Bxa3 22.
bxa3 Rf7 23.Qc4 Re8 24.Bd4 Qd8 25.Qe2 e5 26.Be3 1/2-1/2

[Event "Africa-ch"]
[Site "Maputo MOZ"]
[Date "2011.06.11"]
[Round "7"]
[White "Jere, Daniel"]
[Black "Steel, Henry"]
[Result "0-1"]
[WhiteElo "2320"]
[BlackElo "2328"]
[EventDate "2011.06.04"]
[PlyCount "80"]

1.c4 Nf6 2.g3 g6 3.Bg2 Bg7 4.Nc3 O-O 5.e4 d6 6.Nge2 c5 7.O-O Nc6 8.d3 Ne8 
9.f4 Rb8 10.f5 Nd4 11.Nxd4 cxd4 12.Ne2 b5 13.b3 bxc4 14.bxc4 Bd7 15.Qe1 
Nc7 16.g4 Na6 17.Qh4 Nc5 18.Rf3 e5 19.Bg5 f6 20.Rh3 h5 21.Bc1 g5 22.Qxh5 
Be8 23.Qh7+ Kf7 24.Qg6+ Kg8 25.Qh7+ Kf7 26.Bxg5 Rh8 27.Qxh8 Bxh8 28.Rxh8 
fxg5 29.f6 Qxf6 30.Rf1 Rb1 31.Rh3 Rxf1+ 32.Bxf1 Bd7 33.Rg3 Na4 34.Kg2 Qd8 
35.h3 Nc3 36.Rf3+ Ke7 37.Ng3 Qa5 38.Nh5 Qxa2+ 39.Rf2 Qb1 40.Nf6 Be6 0-1

[Event "Africa-ch"]
[Site "Maputo MOZ"]
[Date "2011.06.11"]
[Round "7"]
[White "Njili, Kamel"]
[Black "Solomons, Deon"]
[Result "1-0"]
[WhiteElo "2305"]
[BlackElo "2214"]
[EventDate "2011.06.04"]
[PlyCount "85"]

1.e4 d6 2.d4 g6 3.Bc4 c6 4.Bb3 Nf6 5.Qe2 Bg7 6.e5 dxe5 7.dxe5 Nd5 8.h3 Na6
9.Nf3 O-O 10.O-O Nc5 11.Rd1 Nxb3 12.axb3 Qc7 13.Bd2 c5 14.Na3 Qc6 15.c4 
Nc7 16.b4 b6 17.bxc5 bxc5 18.Nb5 a6 19.Nxc7 Qxc7 20.Ba5 Qc6 21.Qe3 Rb8 22.
b3 Bf5 23.Re1 Rb7 24.Rac1 Rfb8 25.Rc3 h6 26.g4 Be6 27.Nh4 Bc8 28.Rd3 Rd7 
29.Rxd7 Bxd7 30.Rd1 Bf8 31.Rd3 Bc8 32.f3 Ra8 33.Kf2 Kh7 34.Ng2 Bb7 35.Qf4 
Kg8 36.Ne3 e6 37.Nf1 g5 38.Qe3 Be7 39.Ng3 Qe8 40.Nh5 Kh7 41.Rd6 Rc8 42.
Qd3+ Kh8 43.Rd7 1-0

[Event "Africa-ch"]
[Site "Maputo MOZ"]
[Date "2011.06.11"]
[Round "7"]
[White "Seraoui, Mohcen"]
[Black "Moyo, Dion"]
[Result "0-1"]
[WhiteElo "2099"]
[BlackElo "2109"]
[EventDate "2011.06.04"]
[PlyCount "124"]

1.Nf3 d6 2.d4 Nf6 3.g3 g6 4.Bg2 Bg7 5.O-O O-O 6.c4 Nc6 7.b3 a6 8.Bb2 Rb8 
9.e3 Bg4 10.h3 Bd7 11.Nbd2 Re8 12.d5 Na7 13.e4 Qc8 14.g4 e5 15.dxe6 Bxe6 
16.Qc2 Nc6 17.a3 Bd7 18.Kh1 Ne5 19.Nxe5 dxe5 20.Rfe1 Bc6 21.Nf1 Bh6 22.Bc1
Bxc1 23.Qxc1 Qe6 24.Ng3 Rbd8 25.Qh6 Rd3 26.Re3 Red8 27.Rae1 Ne8 28.Bf1 Rd1
29.Kg1 Qf6 30.Rxd1 Rxd1 31.Rd3 Rxd3 32.Bxd3 Qd6 33.Bc2 Qxa3 34.Qd2 a5 35.
f3 a4 36.bxa4 Qxf3 37.Kh2 Qa3 38.Qd3 Qxd3 39.Bxd3 Bxa4 40.Kg1 b6 41.Ne2 
Nd6 42.Nc3 Bc6 43.Kf2 Nb7 44.Ke3 Nc5 45.Bc2 Kg7 46.Kf2 Kf6 47.Kf3 h6 48.h4
Ke7 49.Kg3 Ne6 50.h5 g5 51.Nd5+ Bxd5 52.exd5 Nd4 53.Bd3 Kd6 54.Kf2 Kc5 55.
Ke3 b5 56.cxb5 Kxd5 57.Bf1 f5 58.gxf5 Nxf5+ 59.Kf3 e4+ 60.Kf2 Ke5 61.Bc4 
Kf4 62.Bd5 g4 0-1

[Event "Africa-ch"]
[Site "Maputo MOZ"]
[Date "2011.06.11"]
[Round "7"]
[White "Solomon, Kenny"]
[Black "Niazi, Nehad"]
[Result "1-0"]
[WhiteElo "2433"]
[BlackElo "2216"]
[EventDate "2011.06.04"]
[PlyCount "119"]

1.d4 Nf6 2.c4 g6 3.Nc3 Bg7 4.e4 d6 5.Nf3 O-O 6.h3 Na6 7.Bg5 e5 8.d5 h6 9.
Be3 Nc5 10.Nd2 a5 11.g4 Ne8 12.h4 f5 13.exf5 gxf5 14.g5 e4 15.gxh6 Be5 16.
Qh5 Kh8 17.Qg5 Bd7 18.Rg1 Qf6 19.Rc1 a4 20.a3 Qf7 21.Qg6 Qxg6 22.Rxg6 Nf6 
23.Rg7 Rg8 24.Rg5 Nh7 25.f4 exf3 26.Rxg8+ Rxg8 27.Nxf3 Bf6 28.Be2 Re8 29.
Bxc5 dxc5 30.Kf2 b6 31.Bd3 Nf8 32.Rg1 Kh7 33.Bc2 Ng6 34.Bxa4 Bxa4 35.Nxa4 
Nf4 36.Rd1 Re2+ 37.Kf1 Rc2 38.d6 cxd6 39.Rxd6 Nh5 40.Nxb6 Ng3+ 41.Ke1 Ne4 
42.Rc6 Rxb2 43.Nd5 Bd8 44.Ra6 Rb3 45.Ne5 Bxh4+ 46.Kd1 Rb2 47.Kc1 Rg2 48.
Ra7+ Kxh6 49.Nf7+ Kg7 50.Ng5+ Kh6 51.Rh7+ Kg6 52.Nf4+ Kxg5 53.Nxg2 Bf2 54.
Kc2 f4 55.Rf7 Bg3 56.Kd3 Nf2+ 57.Ke2 Ng4 58.Ne1 Ne5 59.Nf3+ Nxf3 60.Kxf3 
1-0

[Event "Africa-ch"]
[Site "Maputo MOZ"]
[Date "2011.06.12"]
[Round "8"]
[White "Alice Mateus, Felizardo Viageiro"]
[Black "Roberto Soares, Erikson"]
[Result "0-1"]
[WhiteElo "2190"]
[BlackElo "2196"]
[EventDate "2011.06.04"]
[PlyCount "115"]

1.e4 e6 2.d4 d5 3.Nd2 Nf6 4.e5 Nfd7 5.Bd3 c5 6.c3 Qb6 7.Ne2 Nc6 8.Nf3 cxd4
9.cxd4 f6 10.exf6 Nxf6 11.O-O Bd6 12.Nc3 O-O 13.Bg5 Bd7 14.Rc1 Rae8 15.Bh4
Kh8 16.Be2 Ne4 17.Qd3 Bf4 18.Rb1 g5 19.Bg3 g4 20.Ne5 Nxe5 21.dxe5 Nxg3 22.
hxg3 Bxe5 23.Nd1 Bd4 24.Ne3 e5 25.Qb3 Bxe3 26.Qxe3 Qxe3 27.fxe3 Rxf1+ 28.
Rxf1 Kg7 29.Rd1 Be6 30.Kf2 Rc8 31.Rd2 Rc1 32.Bd1 Kf6 33.Bb3 Rc5 34.Ke1 Ke7
35.Rd1 Kd6 36.Kd2 Rc7 37.Rh1 Rf7 38.Ke1 b5 39.Rh6 Re7 40.a3 a5 41.Bd1 Kc5 
42.Rh5 Bd7 43.Bc2 e4 44.Bb3 Bc6 45.Rg5 b4 46.axb4+ axb4 47.Rxg4 Ra7 48.Kd2
Ra1 49.Bd1 Ra2 50.Kc1 d4 51.exd4+ Kxd4 52.Bc2 Ra1+ 53.Bb1 Ke3 54.Rg5 Kf2 
55.Rc5 Be8 56.b3 Kxg2 57.Re5 Kf2 58.g4 0-1

[Event "Africa-ch"]
[Site "Maputo MOZ"]
[Date "2011.06.12"]
[Round "8"]
[White "Amin, Bassem"]
[Black "Solomon, Kenny"]
[Result "1/2-1/2"]
[WhiteElo "2596"]
[BlackElo "2433"]
[EventDate "2011.06.04"]
[PlyCount "93"]

1.e4 c5 2.Nf3 e6 3.d3 Nc6 4.g3 g6 5.Bg2 Bg7 6.O-O Nge7 7.c3 O-O 8.Re1 e5 
9.a3 d6 10.b4 b6 11.Bb2 Bg4 12.h3 Be6 13.Nbd2 h6 14.h4 Bg4 15.Nc4 Qd7 16.
Ne3 Bh3 17.Bxh3 Qxh3 18.b5 Na5 19.d4 Rad8 20.dxe5 dxe5 21.Qe2 f5 22.Nf1 f4
23.Rad1 Qe6 24.Rxd8 Rxd8 25.Rd1 Rxd1 26.Qxd1 Nc4 27.Bc1 fxg3 28.Qd8+ Kf7 
29.Nxg3 Qd6 30.Qxd6 Nxd6 31.a4 Ng8 32.Kg2 Ke6 33.h5 gxh5 34.Nxh5 Bf8 35.
Nd2 Nf6 36.Nxf6 Kxf6 37.f3 Kg6 38.Nf1 h5 39.Kg3 Be7 40.Bd2 Bg5 41.Bxg5 
Kxg5 42.Ne3 h4+ 43.Kf2 h3 44.Nd5 Kh4 45.Ne3 Kg5 46.Nd5 Kh4 47.Ne3 1/2-1/2

[Event "Africa-ch"]
[Site "Maputo MOZ"]
[Date "2011.06.12"]
[Round "8"]
[White "El-Gindy, Essam"]
[Black "Jere, Daniel"]
[Result "1/2-1/2"]
[WhiteElo "2506"]
[BlackElo "2320"]
[EventDate "2011.06.04"]
[PlyCount "79"]

1.d4 Nf6 2.Nf3 g6 3.g3 Bg7 4.Bg2 O-O 5.O-O d6 6.c4 c5 7.dxc5 dxc5 8.Ne5 
Nfd7 9.Nxd7 Qxd7 10.Nc3 Nc6 11.Qd5 Qf5 12.Be4 Qxd5 13.cxd5 Nd4 14.e3 Nf5 
15.Bg2 Nd6 16.e4 e5 17.a4 Bd7 18.Re1 Rfc8 19.f4 b6 20.Bf1 a6 21.Be3 f6 22.
fxe5 fxe5 23.Kg2 Bf8 24.Be2 Be7 25.Rf1 Kg7 26.h3 h6 27.b3 Bg5 28.Bxg5 hxg5
29.Ra2 b5 30.axb5 axb5 31.Rfa1 Rxa2 32.Rxa2 b4 33.Nd1 Nxe4 34.Ra7 Nf6 35.
Ne3 Kf8 36.Bd3 Be8 37.Bc4 Bf7 38.d6 Be8 39.Rc7 Rd8 40.Rxc5 1/2-1/2

[Event "Africa-ch"]
[Site "Maputo MOZ"]
[Date "2011.06.12"]
[Round "8"]
[White "Makoto, Rodwell"]
[Black "Adly, Ahmed"]
[Result "1/2-1/2"]
[WhiteElo "2157"]
[BlackElo "2630"]
[EventDate "2011.06.04"]
[PlyCount "131"]

1.d4 d5 2.Nf3 Nf6 3.g3 e6 4.Bg2 b5 5.O-O Bb7 6.a4 b4 7.Ne5 Nbd7 8.c4 bxc3 
9.Nxd7 Qxd7 10.Nxc3 c5 11.Bg5 Be7 12.Re1 Rc8 13.a5 h6 14.Bf4 cxd4 15.Qxd4 
Bc5 16.Qd1 O-O 17.e3 Qe7 18.Be5 Rfd8 19.Na4 Bb4 20.Bc3 e5 21.Qb3 Bd6 22.
Red1 Ba8 23.Be1 Qe6 24.e4 d4 25.Qxe6 fxe6 26.f3 g5 27.g4 Rc2 28.Bf1 Nxg4 
29.fxg4 Bxe4 30.b4 Bf3 31.Rdc1 Rxc1 32.Rxc1 e4 33.Bg2 Bf4 34.Rb1 Bxg4 35.
Bxe4 d3 36.Bf2 d2 37.Nc3 Rc8 38.Bc5 Bd6 39.Be3 Rxc3 40.Bxd2 Rc4 41.Bg2 Bf5
42.Rb3 Rd4 43.Rb2 Be5 44.Ra2 Rd8 45.Be3 Rd1+ 46.Kf2 Bxh2 47.Rd2 Bg1+ 48.
Ke2 Bg4+ 49.Bf3 Bxf3+ 50.Kxf3 Rxd2 51.Bxd2 Kf7 52.b5 Ke8 53.Kg4 Bf2 54.Bc3
Kd7 55.Bg7 Be1 56.a6 Kc7 57.Bd4 Ba5 58.Kh5 Bb6 59.Be5+ Kc8 60.Kxh6 Be3 61.
Kh5 Bf4 62.Bd4 Kb8 63.Bc5 e5 64.Bd6+ Kc8 65.Bc5 Kb8 66.Bd6+ 1/2-1/2

[Event "Africa-ch"]
[Site "Maputo MOZ"]
[Date "2011.06.12"]
[Round "8"]
[White "Moyo, Dion"]
[Black "Ezat, Mohamed"]
[Result "0-1"]
[WhiteElo "2109"]
[BlackElo "2453"]
[EventDate "2011.06.04"]
[PlyCount "144"]

1.e4 c6 2.d4 d5 3.e5 c5 4.c3 Nc6 5.Be2 Bf5 6.Nf3 e6 7.O-O cxd4 8.Nxd4 Nxd4
9.cxd4 Ne7 10.Qb3 Qd7 11.Be3 Nc6 12.Nc3 Be7 13.Na4 O-O 14.Bb5 Rfc8 15.Rac1
Qd8 16.Bxc6 bxc6 17.Nc5 Rab8 18.Qa3 Rb5 19.b3 Ra5 20.Qb2 Bxc5 21.dxc5 Rb5 
22.Rfd1 Rb4 23.Rd4 a5 24.Bd2 Rxd4 25.Qxd4 Rb8 26.h3 Qc7 27.Bc3 Ra8 28.f4 
Qb7 29.Qa4 Qa6 30.Qd4 a4 31.b4 a3 32.Rd1 Be4 33.Rd2 Kf8 34.g4 h5 35.g5 g6 
36.h4 Ke8 37.Kf2 Qb5 38.Re2 Bf5 39.Rd2 Rd8 40.Ba1 Kd7 41.Bc3 Kc7 42.Qe3 
Bb1 43.Qe2 Qa4 44.Qd1 Qxd1 45.Rxd1 d4 46.Rxd4 Rxd4 47.Bxd4 Bxa2 48.Ke3 Kb7
49.Kd3 Ka6 50.Kc3 Bd5 51.Be3 a2 52.Kb2 Kb5 53.Bd2 Kc4 54.Be1 Kd3 55.b5 
cxb5 56.c6 Bxc6 57.Kxa2 Ke3 58.Kb2 Kxf4 59.Bc3 b4 60.Bxb4 Kxe5 61.Kc2 Ke4 
62.Be1 Kf3 63.Bc3 Kg4 64.Be1 e5 65.Kd2 Kf3 66.Kd1 Ba4+ 67.Kc1 e4 68.Kd2 
e3+ 69.Kd3 Bb5+ 70.Kc2 Ke2 71.Bg3 Ba4+ 72.Kc1 Kf1 0-1

[Event "Africa-ch"]
[Site "Maputo MOZ"]
[Date "2011.06.12"]
[Round "8"]
[White "Njili, Kamel"]
[Black "Chumfwa, Stanley"]
[Result "1/2-1/2"]
[WhiteElo "2305"]
[BlackElo "2340"]
[EventDate "2011.06.04"]
[PlyCount "108"]

1.e4 c5 2.Nf3 d6 3.d4 cxd4 4.Nxd4 Nf6 5.Nc3 Nc6 6.Bc4 e6 7.Be3 Be7 8.Qe2 
O-O 9.O-O-O Bd7 10.g4 Nxd4 11.Bxd4 Qa5 12.Rhg1 Rfc8 13.g5 Ne8 14.f4 Rxc4 
15.Qxc4 b5 16.Qd3 b4 17.g6 hxg6 18.f5 gxf5 19.Rxg7+ Nxg7 20.Bxg7 Kxg7 21.
Qg3+ Kf8 22.Rg1 Ke8 23.Qg8+ Bf8 24.Rg7 Kd8 25.Qxf8+ Kc7 26.Qxa8 bxc3 27.
bxc3 Qxc3 28.Qxa7+ Kd8 29.Qb6+ Ke7 30.Rg8 Be8 31.exf5 Qe1+ 32.Kb2 Qe5+ 33.
c3 exf5 34.Qc7+ Bd7 35.Qd8+ Ke6 36.Re8+ Bxe8 37.Qxe8+ Kd5 38.Qxe5+ dxe5 
39.a4 f4 40.Kc2 Ke4 41.a5 Ke3 42.a6 f3 43.a7 f2 44.a8=Q f1=Q 45.Qa7+ Ke2 
46.Qa6+ Ke1 47.Qxf1+ Kxf1 48.h4 e4 49.h5 e3 50.h6 e2 51.h7 e1=Q 52.h8=Q 
Qe4+ 53.Kb3 f5 54.Qh3+ Kf2 1/2-1/2

[Event "Africa-ch"]
[Site "Maputo MOZ"]
[Date "2011.06.12"]
[Round "8"]
[White "Niazi, Nehad"]
[Black "Seraoui, Mohcen"]
[Result "1-0"]
[WhiteElo "2216"]
[BlackElo "2099"]
[EventDate "2011.06.04"]
[PlyCount "113"]

1.d4 d6 2.c4 g6 3.e4 Bg7 4.Nc3 Nc6 5.Be3 e5 6.d5 Nce7 7.g4 h6 8.h4 Nf6 9.
f3 c6 10.Qd2 cxd5 11.cxd5 a6 12.Nh3 h5 13.g5 Nd7 14.Nf2 O-O 15.a4 b6 16.
Nd3 Bb7 17.Bh3 Nc5 18.Nxc5 bxc5 19.a5 Bc8 20.Bf1 Bd7 21.Na4 Nc8 22.b4 Bxa4
23.Rxa4 cxb4 24.Qxb4 f5 25.Qb7 Ne7 26.Bb6 Qe8 27.Rc4 fxe4 28.fxe4 Qb5 29.
Bd3 Qb2 30.Rf1 Rxf1+ 31.Bxf1 Qb1+ 32.Kd2 Qb2+ 33.Rc2 Qb4+ 34.Ke3 Rf8 35.
Bd3 Qe1+ 36.Be2 Qg3+ 37.Kd2 Qf4+ 38.Kd1 Rf7 39.Rc4 Qxh4 40.Qa8+ Rf8 41.Qa7
Qxg5 42.Be3 Qf6 43.Rc7 Rf7 44.Qxa6 Qh4 45.Qc4 Qh1+ 46.Kc2 Qa1 47.a6 Nf5 
48.exf5 e4 49.Rxf7 Qb2+ 50.Kd1 Qa1+ 51.Kd2 Qa5+ 52.Kc2 Kxf7 53.fxg6+ Kxg6 
54.Qxe4+ Kf7 55.Bxh5+ Kg8 56.Qe8+ Bf8 57.Qf7+ 1-0